000 00778nam a2200241Ia 4500
003 OSt
005 20220923214006.0
006 a|||||r|||| 00| 0
007 ta
008 220922b |||||||| |||| 00| 0 hin d
024 _a166,235
037 _cTextual
040 _aARTS
_cARTS
_bhin
041 _2hin
_ahin
082 _aO152,1J32,12, M9;L3
100 _aतुलसीदास; पाण्डेय, सुधाकर, संपा.
245 0 _aकवितावली
246 _aKavitāvalī
260 _c1973
650 _aहिन्दी साहित्य
_9156264
942 _hO152,1J32,12, M9;L3
_cTEXL
_2CC
999 _c320714
_d320714